000 00380nam a2200157Ia 4500
003 OSt
005 20240129120417.0
008 170523s9999 xx 000 0 und d
020 _a978-8120335455
040 _ciimt university meerut
100 _aHERRERY- PAUL
245 0 _aMANAGEMENT OF ORGANISATIONAL BEHAVIOUR
260 _bNEW DELHI PHI
260 _c1994
942 _2ddc
_c02
999 _c155
_d155